000 00448nam a2200169 a 4500
001 0000-9175
003 ELIB.Books
008 110520 1957
035 _a(ELIB.Books)0000-9327
082 _a268.433
_bTax
100 _aTaxi, Henry N.
245 _aVentures in Youth Work
260 _bPeunsylvaxia: The Christian Education Press
_c1957
650 _aChristian Education
942 _2ddc
_cBK
998 _cbat
_e2011-05-20
999 _c9175
_d9175